Statistics for German Bundesliga Clubs by Badges

Click here to take the quiz!

General Stats

  • This quiz has been taken 37 times
  • The average score is 15 of 18

Answer Stats

Answer % Correct
1. FC K├Âln
100%
RB Leipzig
93%
Hertha BSC
93%
Schalke 04
89%
Werder Bremen
89%
Bayern Munich
89%
Borussia Dortmund
89%
VfL Wolfsburg
89%
Eintracht Frankfurt
89%
1899 Hoffenheim
85%
Bayer Leverkusen
85%
SC Freiburg
81%
Borussia M├Ânchengladbach
78%
FC Augsburg
78%
VfB Stuttgart
74%
Mainz 05
74%
Union Berlin
63%
Arminia Bielefeld
48%

Score Distribution

Percentile by Number Answered

Percent of People with Each Score

Your Score History

You have not taken this quiz